Statistics for Tennessee Football

Click here to take the quiz!

General Stats

  • This quiz has been taken 21 times
  • The average score is 8 of 15

Answer Stats

HintAnswer% Correct
Stadium nameNeyland Stadium
93%
In-State RivalVanderbilt
93%
Current Head CoachJosh Heupel
87%
Famous NFL player played herePeyton Manning
80%
Marching Band NamePride of the Southland
67%
Location of the VolsKnoxville, Tennessee
60%
How many bowl games have they been too?10
40%
How may have they won?6
40%
In 2004, Tennessee beat Texas A&M in what bowl?Cotton Bowl
40%
In 2019, Tennessee beat Indiana in what bowl?Gator Bowl
40%
In 2016, Tennessee beat Nebraska in what bowl?Music City Bowl
40%
In 2007, Tennessee beat Wisconsin in what bowl?Outback Bowl
33%
In 2015, Tennessee beat Northwestern in what bowl?Outback Bowl
33%
What year did Tennessee join the SEC?1933
27%
In 2014, Tennessee beat Iowa in what bowl?TaxSlayer Bowl
27%

Score Distribution

Percentile by Number Answered

Percent of People with Each Score

Your Score History

You have not taken this quiz